Noags' Future part 1 - Statistics

General Stats
  • This quiz has been taken 2 times
  • The average score is 73 of 499
Answer Stats
Year Emerges Answer % Correct
2124 Britain
100%
2039 C
100%
2125 CH
100%
2090 CO
100%
2048 East African Federation
100%
2034 A
50%
2125 Aceh
50%
2105 Aden
50%
2128 African Union
50%
2032 Ag
50%
2441 Alaska
50%
2032 Allied Gov
50%
2033 Allied Provisional Russian Gov
50%
2126 Amazonia
50%
2081 Andes
50%
2125 Annam
50%
2036 ANPF
50%
2281 Anticorps
50%
2065 Arabia
50%
2125 Arakan
50%
2044 Ary
50%
2044 Assam
50%
2192 Au
50%
2172 Ayyuthaya
50%
2239 Azanian Empire
50%
2126 Bahia
50%
2034 Balochistan
50%
2280 Black Crescendo
50%
2027 Bolivarians
50%
2033 Bougainville
50%
2346 Burma
50%
2062 CCP
50%
2138 Chi
50%
2096 Chinese Empire
50%
2169 Corp Fed
50%
2262 Crescendo
50%
2044 Crimea
50%
2073 Darfur
50%
2140 Dixie
50%
2288 DLM
50%
2228 Eaf
50%
2026 East African Confederation1
50%
2044 East Kaz
50%
2434 England
50%
2064 Es
50%
2064 Etif
50%
2059 EU
50%
2044 Far Eastern Gov
50%
2453 Far Eastern Republic
50%
2235 Fredonia
50%
2090 Fula
50%
2093 Fula Jallon
50%
2481 Gna
50%
2125 Grand East
50%
2477 Great Nigeria
50%
2125 Greece
50%
2041 Gujarat
50%
2176 Hainan
50%
2165 Hainan Clique
50%
2069 Hausaland
50%
2105 Hejaz
50%
2050 Hindi Rep
50%
2125 Holland
50%
2288 HRZ
50%
2125 Hun
50%
2176 Italia
50%
2285 Ivory Coast
50%
2105 Jordan
50%
2044 Ka
50%
2140 Kaskia
50%
2031 Kerala
50%
2034 Khuzestan
50%
2125 Kochin
50%
2074 Korea
50%
2126 La Plata
50%
2066 Lhasa Clique
50%
2031 Ma
50%
2219 Malagasia
50%
2125 Malaya
50%
2125 Meritalia
50%
2031 Miz
50%
2288 MLD
50%
2033 Moskva Army
50%
2146 NDH
50%
2175 Nearly Uninhabited Desert
50%
2105 Nejd
50%
2162 New Fed Nats
50%
2125 New Guinea
50%
2270 New Hispania
50%
2207 New Portugal
50%
2342 New South Wales
50%
2230 New Spain
50%
2060 New Zealand
50%
2434 Nordia
50%
2216 North Malaya
50%
2293 Oceania
50%
2440 Otland
50%
2189 Para
50%
2165 Pearl River Clique
50%
2033 Persia
50%
2138 PR
50%
2140 Prarie Republic
50%
2288 Prussia
50%
2044 Punjab
50%
2099 Punjabis
50%
2089 RPA
50%
2292 Russonia
50%
2288 Ruthenia
50%
2059 S
50%
2133 Sahara
50%
2069 Sahel
50%
2126 São Paulo
50%
2434 Scotland
50%
2346 Siam
50%
2031 Sindh
50%
2176 Song
50%
2165 Song Clique
50%
2216 South Malaya
50%
2059 SPF
50%
2059 Ta
50%
2047 Taj
50%
2084 Tajiks
50%
2342 Tasmania
50%
2194 TR
50%
2288 TRN
50%
2129 Turania
50%
2028 Union State
50%
2099 United Arabian Commonwealth
50%
2147 United Prarie Republic
50%
2140 Urbania
50%
2175 Utah
50%
2342 Victoria
50%
2027 VNCRC
50%
2288 Wall
50%
2031 Wastes
50%
2058 Xhosaland
50%
2044 Xingyun
50%
2065 Yimin League
50%
2125 Yugoslavia
50%
2036 Zululand
50%
2220 African United Socialist Republics
0%
2221 African Vilayet
0%
2393 Ahrid Punjab
0%
2391 Ahrids
0%
2472 Al Asillah Front
0%
2140 Alleghany
0%
2168 Alliance For European Liberation
0%
2480 Almujid Caliphate
0%
2882 Amhara
0%
2246 Amur Confederation
0%
2261 Amuria
0%
2348 Anamahate
0%
2290 Andalus
0%
2044 Andaman Nicobar
0%
2357 Anglonia
0%
2060 Antarctica
0%
2125 Antarctic Federation
0%
2344 Arabia (Azania)
0%
2146 Arabian United Vilayet
0%
2282 Arab Revolt
0%
2263 Ariana
0%
2164 Arian Vilayet
0%
2377 Armenia
0%
2232 Arna
0%
2048 Aryavarants
0%
2349 Asuata
0%
2350 Atlantic Union
0%
2220 Ausr
0%
2379 Australian PR
0%
2470 Azanian Bronze Movement
0%
2470 Azanian Crimson Movement
0%
2469 Azanian Provisional Republic
0%
2288 Azanian Raj
0%
2346 Azanian Republicans
0%
2051 Azawad
0%
2388 Azeria
0%
2882 Azraq
0%
2062 Badar
0%
2225 Bagher Mi
0%
2125 Bambaria
0%
2882 Bambulu
0%
2184 Bantuland
0%
2282 Baril (Parasols)
0%
2058 Barosteland
0%
2044 Bashkortostan
0%
2481 Beryian Empire
0%
2288 BNT
0%
2164 Bombay Club
0%
2349 Boreal Republic
0%
2285 Bornu (Az)
0%
2042 Bra
0%
2168 Buchihwa
0%
2176 Buchihwa Dynasty
0%
2278 Buchihwa Empire
0%
2330 Buchihwa Iran
0%
2285 Bukobo
0%
2475 Bukuhan
0%
2279 Bulwark
0%
2224 Bura
0%
2126 Caipiria
0%
2039 Capekust
0%
2342 Carpentaria
0%
2178 Cathaia
0%
2126 Caye
0%
2063 CCP Guangdong Clique
0%
2064 CCP Shanghai
0%
2063 CCP Shanghai Clique
0%
2064 CCP Sichuan Clique
0%
2233 Central Africa Vilayet
0%
2141 Central American Confederation
0%
2489 Central Asia
0%
2278 Cerania
0%
2453 CF (Ant)
0%
2068 Changli
0%
2243 Changli Revolutionary Army
0%
2313 Chinese Empire (Feng)
0%
2073 Chinese Liberal Alliance
0%
2105 Chokweland
0%
2284 Cillia (Az)
0%
2165 CKP
0%
2089 Coalition of Oligarchs
0%
2477 Congola
0%
2434 Cooperative Pan Asian Union "Panasia"
0%
2350 Cooperative Peoples Republic Of Southeast Asia
0%
2394 Cooperative Plurinational Union
0%
2092 Corperate Alliance
0%
2094 Corperate Federation
0%
2283 Corperate Federation "Antartica"
0%
2294 Corperate Federation "Kodin"
0%
2292 Corperate Federation "Turkestan"
0%
2285 Corperate Federation "Uzbekistan"
0%
2278 Corperate Republic
0%
2262 Corperate Trinity
0%
2191 Corperate Urban Region
0%
2415 Cpu
0%
2288 CRN
0%
2038 Cyrenaica
0%
2399 Daric Republic
0%
2076 Deccan
0%
2345 Destinists
0%
2164 DMN
0%
2090 DPF
0%
2101 Dravidia
0%
2882 Esseni
0%
2233 Ethiopia Vilayet
0%
2059 European Union
0%
2224 Fangia
0%
2389 Fars
0%
2071 Fed Nat Coalition
0%
2342 Fiji
0%
2126 Fluminia
0%
2244 Free India
0%
2350 French Algeria
0%
2481 French Nigerian Agency
0%
2372 French W Africa
0%
2460 French West Africa
0%
2068 Fuzhou Clique
0%
2478 Gamara
0%
2066 Gansu Clique
0%
2349 Germanians
0%
2372 German Kamerun
0%
2435 German Liberia
0%
2219 Getife
0%
2221 Getife Caliphate
0%
2370 GG
0%
22NO Global Corperate State
0%
2223 Glorious Heavenly Batalion
0%
2280 Golden Crescendo
0%
2348 Great Manahate "Centralia"
0%
2140 Greelia
0%
2280 Green Crescendo
0%
2370 Guinea Gov
0%
2176 Han
0%
2278 Harbringer Corps
0%
2073 Harmony Bond
0%
2397 Hasirids
0%
2085 Hazar
0%
2255 Heliongjiang
0%
2278 Heracorp
0%
2086 Herat
0%
2102 Hindi Protectorate
0%
2195 Hindustani Vilayet
0%
2187 Hindustan Vilayet
0%
2162 Hindutva
0%
2288 Iberian Union
0%
2882 Illubabor
0%
2476 Imperial Unity Front
0%
2411 Industan (Azania)
0%
2068 Insulindia
0%
2256 Ipf
0%
2462 Israel
0%
2435 Italian Africa
0%
2372 Italian G Coast
0%
2881 Italian Nigerian Agency
0%
2476 Iuf
0%
2168 Judean Yil
0%
2352 Kaapkust
0%
2394 Kaapkust (Azania)
0%
2390 Kabul
0%
2250 Kalaharia
0%
21NO Kalkis
0%
2044 Kalm
0%
2136 Kambewa
0%
2411 Kandahar
0%
2044 Karntaka
0%
2377 Kartvellia
0%
2239 Karugists
0%
2068 Kashen Clique
0%
2259 Katanga
0%
2294 Kayan Republic
0%
2127 Kayrin
0%
2281 Kepulasia
0%
2073 Khalige
0%
2052 Khalistan
0%
2328 Khorsa
0%
2391 Khors Republic
0%
2220 Kindu
0%
2882 Kiri
0%
2882 Kirifiti
0%
2280 Kitang
0%
2475 Kivi
0%
2076 Kokharid Empire
0%
2240 Kushite Ascendency
0%
2176 Kwandong
0%
2424 Lebengs
0%
2472 Le Caire (France)
0%
2176 Liang
0%
2255 Liaotang
0%
2278 Liberal Democratic Turkmenia
0%
2365 Liberia (Us)
0%
2070 Luwai Clique
0%
2125 Madras
0%
2113 Maghreb
0%
2474 Majerteen Anarchate
0%
2237 Majertine Anarchy
0%
2222 Majertines
0%
2285 Mandeland
0%
2481 Manerwa
0%
2255 Mangolyiti
0%
2126 Maranhau
0%
2043 Maratha
0%
2882 Mastawa
0%
2387 Mazandaran
0%
2064 Meli Clique
0%
2882 Mersa
0%
20NO Mian Clique
0%
2162 Miangli Clique
0%
2390 Mihatia (Azania)
0%
2264 Miroland
0%
2296 Miroland (Azania)
0%
2125 Mollucas
0%
2304 Molodijinyah (Azania)
0%
2140 Mormondy
0%
2090 Mossai
0%
2091 Mossiland
0%
2209 Mpu
0%
2256 Mrfa
0%
2368 Murthania
0%
2258 Nanbu
0%
2352 Natamwa
0%
2089 Natcoms
0%
2083 NATO Coalition
0%
2451 Neo Buchihwa Empire
0%
2471 Neo Majertines
0%
2425 Neopane Khanate
0%
2348 Neopane Kingdom
0%
2342 New Caledonia
0%
2232 New Sons Of Liberty
0%
2352 Ngeniland
0%
2443 Nigere Jakalba (Azania)
0%
2435 Nigeria (Azania)
0%
2164 Nizao Clique
0%
2136 Nordesta
0%
2044 North Borneo
0%
2428 Northern Buchihwa
0%
2440 Northern Territories (Uap)
0%
2283 NRP
0%
2882 Nubia
0%
2882 Nuhad
0%
2264 Nyasa
0%
2050 Odisha
0%
2279 Orenbork
0%
2210 Oriental Union
0%
2352 Ovamboland
0%
2346 Pact Of Destiny
0%
2292 Palatina
0%
2278 Parasols
0%
2278 Parzhis
0%
2304 Parzhis State
0%
2085 Pashtunistan
0%
2346 PD
0%
2126 Pernambuco
0%
2125 Persian Empire
0%
2280 Powderkeg
0%
2428 PR China
0%
2169 Prithvee Kalkin
0%
2162 Protectorate
0%
2209 PSMP
0%
2140 Puerto Rico
0%
2398 Putana
0%
20NO Qahar Clique
0%
2882 Qbied
0%
2349 Rakhine
0%
2418 Red Haze Rebelion
0%
2176 Rep China
0%
2164 Republican Coalition
0%
2419 RHR
0%
2443 Rumanya
0%
2434 Russian Republic
0%
2370 Sag
0%
2318 Sahalin
0%
2288 Samarid Maghreb
0%
2307 Samarids
0%
2442 Scandinavia
0%
2278 Scythia
0%
2090 SDLA
0%
2288 Serbia
0%
2352 Sesotho
0%
2225 Shari
0%
2140 Shasta
0%
2172 Shu Clique
0%
2347 Siberian Provisional Gov
0%
2476 Silgoli
0%
2044 Sipg
0%
2352 Sisland
0%
2354 Sisland (Azania)
0%
2278 Slastout
0%
2091 SLNUC
0%
2327 Sobhellah
0%
2478 Socialist Cooperative African State
0%
2281 Society Of Russia
0%
2346 Southeast Asian Socialist Republic
0%
2288 SRM
0%
2125 Sulawesi
0%
2372 Sura (Az)
0%
2424 Tacholas
0%
2032 Tamil Pr
0%
2342 Tanda
0%
2235 Tanganika
0%
2189 Taoyung
0%
2044 Tatarstan
0%
2475 Teket
0%
2032 Telangana
0%
2476 The Brasserie
0%
2069 Tiangjang Clique
0%
2368 Transcaucasia
0%
2038 Tri and Fez
0%
2238 Triple Monarchy
0%
2062 Tsinghua Front
0%
2071 Tsinghua Left
0%
2071 Tsinghua Right
0%
2162 Tsu Clique
0%
2178 Tsung
0%
2352 Tswania
0%
2362 Tswania (Azania)
0%
2389 Tulumbeq Manahate
0%
2059 Tup
0%
2235 Turkana
0%
2278 Turkic Khanate
0%
2478 Tuva
0%
2475 Ubangi
0%
2235 Uganda
0%
2440 United Altantian Provences
0%
2156 United American Federacies
0%
2278 United Plutencys
0%
2237 United Sovereignty
0%
2326 Up
0%
2397 Usarids
0%
2070 Uzhou Clique
0%
2342 Vanuatu
0%
2164 Vanzuan Empire
0%
2316 Varangian
0%
2372 Varangian Africa
0%
2162 Vin Lang
0%
2273 Visionaires
0%
2059 VNLF
0%
2288 Volgota
0%
2165 Wao Clique
0%
2189 Wei
0%
2068 Wentao Clique
0%
2391 Western Manahate
0%
2078 Western Provences
0%
2071 Western Provincial Alliance
0%
2342 Westralia
0%
2278 White Army
0%
2204 Wu
0%
2279 Wu Kong
0%
2205 Xiangwu
0%
2394 Yakubia (Azania)
0%
2282 Yugakhirsk (Bulwark)
0%
2170 Yunnan PR
0%
20NO Yuzhou Clique
0%
2391 Zaboi
0%
2259 Zambie
0%
2296 Zambie (Azania)
0%
2238 Zanzibar
0%
2069 Zhejiang
0%
2255 Zhikian
0%
2882 Zoulia
0%
No matching quizzes found
Score Distribution
Percent of People with Each Score
Percentile by Number Answered
Your Score History
You have not taken this quiz